000 01297nam0a22003491 4500
001 v19\rc\2022995
005 20260406091331.0
035 _a(NLR Aleph) 005103099
090 _a7413503
_c7413503
100 _a20080925d1916 u y0rusy50 ca
101 0 _arus
102 _aRU
105 _aa z |||||
200 1 _aВрубель
_eТекст А.П. Иванова
205 _a2-е изд.
210 _aПетроград
_cН.И. Бутковская
_dценз. 1916
215 _a[4], 64, X с., [16] л. цв. ил.
_d21
225 1 _aСовременное искусство
_eСерия иллюстрированных монографий
700 1 _7ca
_8rus
_aИванов
_bА. П.
_cискусствовед, писатель
_f1876-1933
_gАлександр Павлович
_9226697
_3RU\NLR\AUTH\770226753
702 1 _4570
_7ca
_8rus
_aВрубель
_bМ. А.
_f1856-1910
_gМихаил Александрович
_942993
_3RU\NLR\auth\7760062
801 0 _aRU
_bNLR
_gpsbo
801 0 _aRU
_bRuMoRGB
_2psbo
801 1 _aRU
_bProSoft-M
_2rusmarc
852 _aNLR
_j34.105.5.26
899 _aRuMoRGB
_jZ 77/33 (вып. 2)
899 _aRuMoRGB
_jU 100/80
899 _aRuMoRGB
_jZ 77/242
899 _aБАН
899 _aГПИБ
942 _cBOOK
980 _aNB